| 000 | 00506nam a22001937a 4500 | ||
|---|---|---|---|
| 003 | OSt | ||
| 005 | 20151203150245.0 | ||
| 008 | 151203b xxu||||| |||| 00| 0 eng d | ||
| 020 | _a0333314891 | ||
| 040 | _cDDC. | ||
| 082 | _a371 MUS1982 | ||
| 100 |
_aMusaazi J.C.S _91458 |
||
| 245 | _aTheory and Practice of Educational administration. | ||
| 260 |
_aNigeria; _bmacmillan. _c1982. |
||
| 300 | _a276p; | ||
| 504 | _aincludes index . | ||
| 650 |
_aEducational Administration. _96435 |
||
| 942 |
_2ddc _cSLOAN |
||
| 999 |
_c2807 _d2807 |
||